<?xml version="1.0" encoding="UTF-8"?>
<record
    xmlns:xsi="http://www.w3.org/2001/XMLSchema-instance"
    xsi:schemaLocation="http://www.loc.gov/MARC21/slim http://www.loc.gov/standards/marcxml/schema/MARC21slim.xsd"
    xmlns="http://www.loc.gov/MARC21/slim">

  <leader>02291nam a22003257i 4500</leader>
  <controlfield tag="003">Do-SdINT</controlfield>
  <controlfield tag="005">20250605110856.0</controlfield>
  <controlfield tag="008">040225s2024    sp      s    |||| 0|spa d</controlfield>
  <datafield tag="020" ind1=" " ind2=" ">
    <subfield code="a">978-84-10282-06-3</subfield>
  </datafield>
  <datafield tag="040" ind1=" " ind2=" ">
    <subfield code="a">DO-SdINT</subfield>
    <subfield code="e">rda</subfield>
    <subfield code="b">spa</subfield>
    <subfield code="c">DO-SdINT</subfield>
  </datafield>
  <datafield tag="072" ind1=" " ind2=" ">
    <subfield code="a">CSH</subfield>
  </datafield>
  <datafield tag="082" ind1=" " ind2=" ">
    <subfield code="a">378.12/B928d</subfield>
    <subfield code="2">21</subfield>
  </datafield>
  <datafield tag="245" ind1="1" ind2="0">
    <subfield code="a">La docencia universitaria en clave neuroeducativa. Viejos problemas, nuevos retos :</subfield>
    <subfield code="b"> oportunidades para el cambio /</subfield>
    <subfield code="c">David Bueno y Anna For&#xE9;s (editores)</subfield>
  </datafield>
  <datafield tag="264" ind1=" " ind2=" ">
    <subfield code="a">Barcelona, Espa&#xF1;a : </subfield>
    <subfield code="b">Octaedro,</subfield>
    <subfield code="c">2024</subfield>
  </datafield>
  <datafield tag="300" ind1=" " ind2=" ">
    <subfield code="a">1 recurso en l&#xED;nea (184 p&#xE1;ginas)</subfield>
  </datafield>
  <datafield tag="336" ind1=" " ind2=" ">
    <subfield code="a">texto</subfield>
    <subfield code="b">txt</subfield>
    <subfield code="2">rdacontent</subfield>
  </datafield>
  <datafield tag="337" ind1=" " ind2=" ">
    <subfield code="a">computadora</subfield>
    <subfield code="b">c</subfield>
    <subfield code="2">rdamedia</subfield>
  </datafield>
  <datafield tag="338" ind1=" " ind2=" ">
    <subfield code="a">recurso en l&#xED;nea</subfield>
    <subfield code="b">c</subfield>
    <subfield code="2">rdacarrier</subfield>
  </datafield>
  <datafield tag="347" ind1=" " ind2=" ">
    <subfield code="a">archivo de texto</subfield>
    <subfield code="b">PDF</subfield>
    <subfield code="2">rda</subfield>
  </datafield>
  <datafield tag="490" ind1=" " ind2=" ">
    <subfield code="a">Educaci&#xF3;n Universitaria ;</subfield>
  </datafield>
  <datafield tag="505" ind1=" " ind2=" ">
    <subfield code="a">Pr&#xF3;logo 9 -- El acceso a la universidad: empecemos por el principio 13 -- Progreso, persistencia, asistencia para diluir: abandonos, absentismos y otros &#xAB;ab&#xBB; 25 -- Espacios que dejan huellas 35 -- Tomar consciencia. Corresponsabilizarse del aprendizaje 45 -- Diversidades diversas. Dise&#xF1;os universales 55 -- Funciones ejecutivas, aprendizaje y evaluaci&#xF3;n: elementos clave en contextos universitarios para potenciar los aprendizajes significativos 65 -- El feedback como gestor e impulsor de aprendizajes futuros 75 -- Evaluaci&#xF3;n y neuroeducaci&#xF3;n: el t&#xE1;ndem para potenciar aprendizajes significativos en la universidad 85 -- Ex&#xE1;menes: del estr&#xE9;s al reto 99 -- Interdisciplinariedad: la imprescindible sinergia entre ciencias y humanidades para una formaci&#xF3;n integral 111 -- La transferencia del aprendizaje en la era de la inteligencia artificial 121 -- Realidad extendida e inteligencia artificial 133 -- Una universidad en movimiento 143 -- El estr&#xE9;s en contextos educativos 153 -- La construcci&#xF3;n de la salud mental desde el aula 163</subfield>
  </datafield>
  <datafield tag="506" ind1="0" ind2=" ">
    <subfield code="a">Open Access</subfield>
  </datafield>
  <datafield tag="650" ind1=" " ind2="0">
    <subfield code="a">Neuroeducaci&#xF3;n</subfield>
    <subfield code="2">ARMARC</subfield>
    <subfield code="9">109451</subfield>
  </datafield>
  <datafield tag="650" ind1=" " ind2="7">
    <subfield code="a">Educaci&#xF3;n superior</subfield>
    <subfield code="2">ARMARC</subfield>
    <subfield code="9">32230</subfield>
  </datafield>
  <datafield tag="650" ind1=" " ind2="0">
    <subfield code="a">Docencia</subfield>
    <subfield code="2">ARMARC</subfield>
    <subfield code="9">109286</subfield>
  </datafield>
  <datafield tag="700" ind1=" " ind2=" ">
    <subfield code="a">Bueno, David  </subfield>
    <subfield code="4">ed.</subfield>
    <subfield code="9">109452</subfield>
    <subfield code="e">editor</subfield>
  </datafield>
  <datafield tag="700" ind1=" " ind2=" ">
    <subfield code="a">For&#xE9;s Miravalles, Anna</subfield>
    <subfield code="4">ed.</subfield>
    <subfield code="9">109453</subfield>
    <subfield code="e">editor</subfield>
  </datafield>
  <datafield tag="856" ind1=" " ind2=" ">
    <subfield code="y">Acceso a Texto Completo</subfield>
    <subfield code="u">https://opacbiblioteca.intec.edu.do/opac-tmpl/files/recursoselectronicos/9788410282070PDF.pdf</subfield>
  </datafield>
  <datafield tag="942" ind1=" " ind2=" ">
    <subfield code="c">E-BOOK</subfield>
    <subfield code="2">ddc</subfield>
  </datafield>
  <datafield tag="999" ind1=" " ind2=" ">
    <subfield code="c">13437</subfield>
    <subfield code="d">13437</subfield>
  </datafield>
  <datafield tag="952" ind1=" " ind2=" ">
    <subfield code="0">0</subfield>
    <subfield code="1">0</subfield>
    <subfield code="2">ddc</subfield>
    <subfield code="4">0</subfield>
    <subfield code="7">0</subfield>
    <subfield code="a">IDEICE</subfield>
    <subfield code="b">IDEICE</subfield>
    <subfield code="d">2025-06-05</subfield>
    <subfield code="l">0</subfield>
    <subfield code="o">378.12/B928d</subfield>
    <subfield code="r">2025-06-05 11:08:46</subfield>
    <subfield code="u">https://ideice.koha.es/cgi-bin/koha/opac-detail.pl?biblionumber=13437</subfield>
    <subfield code="w">2025-06-05</subfield>
    <subfield code="y">LIB</subfield>
  </datafield>
</record>
